| 000 | 00725cam a2200241 a 4500 | ||
|---|---|---|---|
| 001 | 2374235 | ||
| 005 | 20180122040839.0 | ||
| 008 | 840321m19849999mnu 000 0 eng | ||
| 010 | _a 84138051 | ||
| 040 |
_aDLC _cDLC _dDLC |
||
| 041 | _aeng | ||
| 043 | _an-us--- | ||
| 080 | _a348.7346 JAM | ||
| 082 | 0 | 0 |
_a348.7346 JAM _219 |
| 100 | _a14 | ||
| 101 | _aJUR | ||
| 245 | 0 | 0 | _aWest's Federal practice digest 3d. |
| 590 | _aLC copies of supplementary pamphlets are shelved with West's federal practice digest 4th (KF127.W48 1989). | ||
| 590 | _aLC holdings recorded in Shelflist only. | ||
| 740 | 0 | _aWest's Federal practice digest 2d. | |
| 906 |
_a7 _bcbc _corignew _d2 _encip _f19 _gy-gencatlg |
||
| 942 |
_2ddc _cBK |
||
| 999 |
_c40639 _d40639 |
||